000 00642nam1a22002171i 4500
001 rc\2823485
005 20240726061938.0
035 _a(NLR Aleph) 006981835
090 _a5539196
_c5539196
100 _a20110622d1928 |||y0rusy50 ca
101 0 _arus
102 _aRU
105 _ay z |||||
200 1 _aˆ"‰В помощь школьнику"
_eБиблиотека
_iСерия техническая. № 1-
205 _a2-е изд.
210 _aМосква
_aЛенинград
_cГос. изд-во
_d1928
215 _d20х14 см
801 0 _aRU
_bNLR
_gpsbo
801 1 _aRU
_bELAR
_2rusmarc
852 _aNLR
_j46/602
942 _cBOOK